Une lettre suffit pour répondre juste #22 (attention 10 lettres tuent) - Statistiques

Statistiques générales
  • Ce quiz a été pris 65 fois
  • Le résultat moyen est 5 sur 6
Statistiques - réponses
Hint Réponse % Correct
Donne une des 5 lettres du nom la capitale de l'Idaho BOISE
100%
Donne une des 4 lettres du prénom de ce journaliste et animateur de télévision français (notamment dans C'est pas sorcier)
JAMY
94%
Donne une des 3 lettres du nom du biscuit apéritif faisant partie de la gamme LU en image
TUC
87%
Donne une des 2 lettres qu'on entend quand est prononcé à haute voix le prénom du chanteur Vilard, de l'ancien ministre des armées Morin et de l'entraîneur de foot Renard RV
75%
Donne la lettre qui désigne un niveau hiérarchique : « ? + 1 » pour un supérieur hiérarchique direct (« mon chef »), « ? + 2 » pour le supérieur du supérieur (« le chef de mon chef) N
63%
Donne la lettre qui désigne le nom de la bombe qui utilise la fusion nucléaire de noyaux atomiques légers. En image, l'explosion de Ivy Mike, la première bombe ? testée, le 1er novembre 1952
H
48%
Aucun quiz correspondant
Distribution des résultats
% des personnes avec chaque résultat
Percentile par nombre de réponses
Votre historique - résultats
Vous n’avez pas pris ce quiz